00848nam a2200205 4500001000700000003000900007005001700016007000300033008004100036080002500077111010700102245008700209260006000296300002900356600005600385710003800441852002200479999001900501952012200520143089ES-MaACL20230906200723.0t|070214s1969 sp r ||||1| spa d a929 Costa, Joaquín2 aSemana Cultural Joaquín Costa y Jornada de Hermanamiento (n1ª.d1969.cBarcelona-Monzón)914542010aSemana Cultural Joaquín Costa y Jornada de Hermanamiento b: Barcelona-Monzón. aMonzón (Huesca) : bAyuntamiento de Monzón, c1969. a63 p. : bil. ; c22 cm.14aCosta, Joaquín,d1846-1911-xBiografías91728462 aMonzón. bAyuntamiento.9172192 aES-MaACLjC-48497 c143089d143089 00104070aATENEOMbATENEOMcDEPO2d2008-01-17eSCl0oC-48497p1148875r2023-02-23 00:00:00w2023-02-23yMONOGRAFIA